000 01494nam a2200325 i 4500
003 CSPC
005 20250818103601.0
008 250815s2021 enk 001 0 eng d
020 _a9781292356952
040 _cCSPC
_aCSPC
_beng
_erda
050 0 0 _aQA372
_b.E34 2021
082 0 0 _a515.35
_bEd951d
_223
100 1 _aEdwards, C. Henry,
_eauthor.
245 1 0 _aDifferentials equations and linear algebra /
_cC. Henry Edwards, David E. Penney, and David T. Calvis.
250 _aFourth edition.
250 _aGlobal edition.
264 1 _aHarlow, England :
_bPearson Education Limited,
_c2021.
300 _a767 pages ;
_c26 cm.
336 _2rdacontent
_atext
337 _2rdamedia
_aunmediated
338 _2rdacarrier
_avolume
504 _aIncludes bibliographical references and index.
505 0 _aFirst-order differential equations -- Mathematical models and numerical methods -- Linear systems and matrices -- Vector spaces -- Higher-order linear differential equations -- Eigenvalues and eigenvectors -- Linear systems of differential equations -- Matrix exponential methods -- Nonlinear systems and phenomena -- Laplace transform methods -- Power series methods.
650 0 _aDifferential equations.
650 0 _aAlgebras, Linear.
700 1 _aPenney, David E.,
_eauthor.
700 1 _aCalvis, David T.,
_eauthor.
942 _2ddc
_n0
_cBK
_h515.35
_iEd951d
_kENG
_m2021
_e23
999 _c30052
_d30052